Faculty of Law Library — Cairo University

Official Online Catalog

Dictionnaire-Formulaire Des Parquets Et De La Police Judiciaire. (Record no. 74496)

MARC details
000 -LEADER
fixed length control field 01171nam a2200349 i 4500
003 - CONTROL NUMBER IDENTIFIER
control field EG-GICUC
005 - DATE AND TIME OF LATEST TRANSACTION
control field 20260430123511.0
008 - FIXED-LENGTH DATA ELEMENTS--GENERAL INFORMATION
fixed length control field 260430s1954 fr aaabfr|||| 00| 0 fre d
040 ## - CATALOGING SOURCE
Original cataloging agency EG-GiCUC
Language of cataloging fre
Transcribing agency EG-GiCUC
Modifying agency EG-GiCUC
Description conventions Rda
041 ## - LANGUAGE CODE
Language code of text/sound track or separate title fre
082 04 - DEWEY DECIMAL CLASSIFICATION NUMBER
Edition number 21
Classification number 343.3311
Item number LE . D
092 04 - LOCALLY ASSIGNED DEWEY CALL NUMBER (OCLC)
Edition number 21
099 ## - LOCAL FREE-TEXT CALL NUMBER (OCLC)
Classification number Law1 10 343.3311 LE . D 8 ed - 1954
100 1# - MAIN ENTRY--PERSONAL NAME
Personal name Besson, M. Antonin
Relator term Auteur
245 10 - TITLE STATEMENT
Title Dictionnaire-Formulaire Des Parquets Et De La Police Judiciaire.
Number of part/section of a work Tome Premire,
Name of part/section of a work A-C /
Statement of responsibility, etc. M. Antonin Besson.
250 ## - EDITION STATEMENT
Edition statement Huitième éditionز
264 #1 - PRODUCTION, PUBLICATION, DISTRIBUTION, MANUFACTURE, AND COPYRIGHT NOTICE
Place of production, publication, distribution, manufacture Paris :
Name of producer, publisher, distributor, manufacturer Éditions Rousseau,
Date of production, publication, distribution, manufacture, or copyright notice 1954.
300 ## - PHYSICAL DESCRIPTION
Extent 1255 page ;
Dimensions 24 cm.
336 ## - CONTENT TYPE
Source rda contenu
Content type term texte
337 ## - MEDIA TYPE
Source rda medias
Media type term Ordinateur
338 ## - CARRIER TYPE
Source transporteur rda
Carrier type term Ressource en ligne
500 ## - GENERAL NOTE
General note Comprend un index.<br/><br/>
546 ## - LANGUAGE NOTE
Language note Texte en français
650 14 - SUBJECT ADDED ENTRY--TOPICAL TERM
Topical term or geographic name entry element Droit pénal
700 1# - ADDED ENTRY--PERSONAL NAME
Personal name Besson, Antonin.
Relator term Éditeur
700 1# - ADDED ENTRY--PERSONAL NAME
Personal name Picard, Henri.
Relator term Préfacier
700 1# - ADDED ENTRY--PERSONAL NAME
Personal name Combaldieu, Raoul.
Relator term Éditeur
700 1# - ADDED ENTRY--PERSONAL NAME
Personal name Siméon, Jacques.
Relator term Éditeur
856 40 - ELECTRONIC LOCATION AND ACCESS
Uniform Resource Identifier <a href="https://fll.law.cu.edu.eg/fulltext/bks/B10-10325.pdf">https://fll.law.cu.edu.eg/fulltext/bks/B10-10325.pdf</a>
905 ## - Cataloger and Reviser Names
Cataloger Name: Abdulrhman Sobhy
942 ## - ADDED ENTRY ELEMENTS (KOHA)
Source of classification or shelving scheme Dewey Decimal Classification
Koha item type Books
Edition 21
Suppress in OPAC No
Holdings
Withdrawn status Lost status Source of classification or shelving scheme Damaged status Not for loan Collection Home library Current library Date acquired Total checkouts Full call number Barcode Date last seen Copy number Price effective from Koha item type
    Dewey Decimal Classification   Not for loan القانون الجنائي جــــامعة القــاهرة مكتبة كلية الحقوق - المبنى الرئيسي 30.04.2026   Law1 10 343.3311 LE . D 8 ed - 1954 1010325 V1, C1 B10-10325 30.04.2026 1 30.04.2026 Books

© All rights reserved — Faculty of Law, Cairo University